Chelsea players from the 07/08 - 14/15 season - Statistics

General Stats
  • This quiz has been taken 695 times
  • The average score is 41 of 76
Answer Stats
Position Answer % Correct
GK Cech
99%
DEF Terry
96%
FOR Drogba
92%
MID Hazard
90%
MID Lampard
90%
FOR Torres
89%
DEF Cahill
86%
FOR Ba
84%
GK Courtois
84%
FOR Costa
82%
DEF Ivanovic
82%
DEF Luiz
82%
MID Oscar
81%
DEF Ashley Cole
79%
MID Essien
77%
MID Mikel
76%
FOR Anelka
75%
DEF Azpilicueta
75%
DEF Carvalho
75%
MID Joe Cole
75%
MID Malouda
75%
FOR Kalou
74%
MID Mata
74%
MID Willian
74%
MID Ramires
73%
MID Ballack
72%
MID Fabregas
72%
MID Matic
72%
DEF Bertrand
70%
DEF Bosingwa
68%
GK Hilario
66%
GK Cudicini
62%
FOR Shevchenko
62%
DEF Alex
60%
MID Makelele
60%
DEF Zouma
59%
FOR Sturridge
58%
DEF Ferreira
57%
FOR Eto'o
56%
FOR Remy
55%
MID Schurrle
54%
GK Turnbull
53%
MID De Bruyne
52%
MID Salah
52%
DEF Luis
51%
MID Deco
50%
FOR Lukaku
49%
GK Schwarzer
48%
MID Meireles
47%
MID Moses
46%
DEF Bridge
41%
MID Marin
37%
DEF Ake
36%
MID Benayoun
35%
DEF Zhirkov
35%
MID Romeu
34%
DEF Belletti
33%
MID Wright Phillips
31%
MID Piazon
27%
DEF Kalas
26%
MID McEachran
25%
MID Sidwell
25%
DEF Van Aanholt
23%
MID Van Ginkel
23%
FOR Di Santo
21%
MID Quaresma
20%
DEF Hutchinson
19%
MID Kakuta
19%
FOR Pizarro
19%
DEF Ben Haim
17%
FOR Borini
17%
MID Sinclair
16%
DEF Bruma
15%
DEF Mancienne
9%
FOR Stoch
8%
MID Minerio
2%
No matching quizzes found
Score Distribution
Percent of People with Each Score
Percentile by Number Answered
Your Score History
You have not taken this quiz